000 002850000a22000970004500
100 1 _aHarvey, John E. (1932- )
245 1 0 _aTendenz and textual criticism in 1 Samuel 2-10
300 _aNúm 96 (2001), Páginas 71-81
773 0 _tJournal for the Study of the Old Testament
942 _cANA
999 _c55024
_d55024